| 000 | | | 03708nmc2a22002413x 450 |
| 001 | | | cfb765ed-21d4-45b5-924d-3d263c88342b |
| 005 | | | 20241004142446.0 |
| 100 | ## | $a | 20240523l18881893k l0rusy0189 ca |
| 101 | 0# | $a | rus |
| 102 | ## | $a | RU |
| 105 | ## | $a | y### |
| 122 | 2# | $a | d |
| 200 | 1# | $a | Дело о ношении серебряных знаков с вензелевым изображением имени в бозе почившего великого князя Николая Николаевича Старшего, установленных в память основания при бывшем Дворе его императорского высочества оркестра и хора певчих |
| | $j | 27 февраля 1888 г. - 9 июля 1893 г. |
| 215 | ## | $a | 12 л. |
| | $d | 36,5х26 см |
| 251 | ## | $c | Дело |
| 300 | ## | $a | Дело |
| 371 | ## | $a | Документ не является опубликованным и широко распространяемым |
| 461 | #0 | $1 | 001RusGRCC00077140 |
| | $1 | 2001 |
| | $a | Канцелярия Министерства Императорского двора |
| | $1 | 251 |
| | $c | Фонд |
| | $1 | 852 |
| | $j | 472 |
| 462 | #0 | $1 | 00105ac7277-d5e4-4eb5-87fa-81362dc1584d |
| | $1 | 2001 |
| | $a | Канцелярия Министерства Императорского двора. Описи дел третьего отделения третьего стола |
| | $1 | 251 |
| | $c | Опись |
| | $1 | 852 |
| | $j | 27 |
| | $l | 410-1930 |
| 801 | #0 | $a | RU |
| | $b | РГИА |
| | $c | 20240523 |
| | $g | RCR |
| 801 | #1 | $a | RU |
| | $b | ГлавНИВЦ |
| | $c | 20240523 |
| | $2 | rusmarc |
| 801 | #2 | $a | RU |
| | $b | ПБ им. Б.Н. Ельцина |
| | $c | 20241004 |
| | $g | RCR |
| | $2 | rusmarc |
| 850 | ## | $a | РГИА |
| 852 | ## | $a | РГИА |
| | $e | Федеральное казенное учреждение "Российский государственный исторический архив" (РГИА) |
| | $j | 33 |
| 937 | ## | $h | РГИА |
| | $d | 12412245 |
| | $a | ASBIBLIO_SCAN |
| 035 | ## | $a | RusGRCC00077125 |
| 856 | ## | $u | http://readingroom.main.prlib.ru/item.aspx?id_node=n194235748&mode=full |